Best seller. (Registro nro. 3043)
[ vista simple ]
| 000 -LEADER | |
|---|---|
| fixed length control field | 01430nam a2200205 a 4500 |
| 008 - CAMPO DE CONTROL (LIBRO) | |
| fixed length control field | 190916s2013 a ||||gr|||| 000 1 spa d |
| 020 ## - INTERNATIONAL STANDARD BOOK NUMBER | |
| ISBN | 9789504936718 |
| 041 ## - CODIGO DE IDIOMA | |
| Código de idioma del texto/pista de sonido o título separado | spa |
| 092 ## - SIGNATURA TOPOGRAFICA DEWEY LOCAL | |
| número de clasificación | 808 |
| libristica | 26 |
| sección | FON |
| 100 1# - ENTRADA PRINCIPAL--NOMBRE PERSONAL | |
| Nombre personal | Fontanarrosa, Roberto. |
| 9 (RLIN) | 4089 |
| 245 ## - TITULO PROPIAMENTE DICHO | |
| Título | Best seller. |
| Subtítulo y Título paralelo | Novela / |
| Mención de responsabilidad y remanente de la transcripción de la portada | Roberto Fontanarrosa |
| 250 ## - MENCION DE EDICION | |
| Mención de edición | 1a ed. |
| 260 ## - PIE DE IMPRENTA | |
| Lugar de publicación, distribución, etc | Buenos Aires: |
| Nombre de la editorial, distribuidor, etc | Planeta; |
| Fecha de publicación | 2013. |
| 300 ## - DESCRIPCION FISICA | |
| Extension | 256 p. |
| Otros detalles físicos | 21x13cm |
| 500 ## - NOTA GENERAL | |
| Nota general | Fontanarrosa, R. (2013). Best seller. Novela. (1a ed.). Buenos Aires : Planeta. |
| 505 ## - NOTA DE CONTENIDO | |
| Nota de contenido formateada | "Mirando la mujer con ojos de fiebre y sin separar sus pies de la pista, parecía un algo submarina aferrada al limo del fondo y sacudida por las corrientes profundas. Se notaba, sin embargo, que aquel pequeñazo nada significaba para la mujer, era tan sólo una excusa para estar en la pista, un punto de referencia con respecto al cual oscilar, contraerse y contorsionarse". Best Seller, un aventurero internacional sirio, deberá pagar con su propia vida un error cometido en un negocio que no admite errores: el tráfico de armas. Seducir a una bella e inaccesible mujer, la preferida de uno de los jerarcas más poderosos de la tierra, es la única salida. Esa genial novela de Roberto Fontanarrosa, que cuando se publicó fue tratada con condescendencia por la crítica, es hoy un clásico de la literatura de humor. |
| 590 ## - NOTAS LOCALES (RLIN) | |
| Nota local | Donación septiembre 2019. |
| 655 ## - MATERIA - GENERO/FORMA | |
| Género/Forma | Literatura |
| -- | 2917 |
| 942 ## - ADDED ENTRY ELEMENTS (KOHA) | |
| Source of classification or shelving scheme | Dewey Decimal Classification |
| Item type | LITERATURA |
| Estado de retiro | Existencia | Fuente de clasificación | Estado general | No para prestamo | Ubicación permanente | ubicación actual | Sala de ubicación | Fecha de adquisición | Fuente de adquisición | Total Checkouts | Número de clasificación | Código de barras | Date last seen | Número de ejemplar | Price effective from | Koha tipo de elemento (item) | Public note |
|---|---|---|---|---|---|---|---|---|---|---|---|---|---|---|---|---|---|
| Dewey Decimal Classification | Biblioteca Medicina | Biblioteca Medicina | Circulación | 16/09/2019 | Donación septiembre 2019. | 808 26 FON | 4576 | 16/09/2019 | Ej. 1 | 16/09/2019 | LITERATURA | Proyecto 4to libro Donación . Septiembre 2019. |